Catalog

Record Details

Catalog Search



The dark side : a novel  Cover Image Large Print Book Large Print Book

The dark side : a novel / Danielle Steel.

Steel, Danielle,: (author.).

Summary:

"Zoe Morgan's childhood was marked by her younger sister's tragic illness, watching as her parents dedicated themselves completely to her final days and then divorced. As a young woman driven by these painful memories, Zoe sets the bar high for herself, studying hard and pursuing a career in the nonprofit world, where her deep compassion for disadvantaged children finds a focus. When Zoe falls in love and has her own child, she is determined to be a perfect mother as well. But before long, old scars long dormant begin to pull Zoe to the edge of an abyss too terrifying to contemplate. As Zoe is haunted by the ghosts of the past, her story will become a race against time and a tale of psychological suspense that no reader will soon forget"--Provided by publisher.

Record details

  • ISBN: 9780593168165
  • ISBN: 059316816X
  • Physical Description: 331 pages (large print) ; 24 cm
  • Edition: First large print edition.
  • Publisher: New York : Random House Large Print, [2019]
Subject: Motherhood > Fiction.
Children with disabilities > Fiction.
Parent and child > Fiction.
Siblings > Death > Psychological aspects > Fiction.
Divorce > Parents > Fiction.
Genre: Large print books.
Domestic fiction.
Psychological fiction.
Thrillers (Fiction)
Novels.

Available copies

  • 1 of 1 copy available at scottsboropl.

Holds

  • 0 current holds with 1 total copy.
Show Only Available Copies
Location Call Number / Copy Notes Barcode Shelving Location Status Due Date
scottsboropl F Ste 32269001194615 Adult - Audiobook Available -

LDR 01999nam a2200361Ii 4500
001152548
003SBPL
00520190916114651.0
008190812t20192019nyu d 000 1 eng d
020 . ‡a9780593168165 ‡q(large print ; paperback)
020 . ‡a059316816X ‡q(large print ; paperback)
035 . ‡a(CONS)152548
035 . ‡a(CPomAG)LMN614363
05014. ‡aPS3569.T33828 ‡bD37 2019
08204. ‡a813/.54 ‡223
1001 . ‡aSteel, Danielle,: ‡eauthor.
24514. ‡aThe dark side : ‡ba novel / ‡cDanielle Steel.
250 . ‡aFirst large print edition.
264 1. ‡aNew York : ‡bRandom House Large Print, ‡c[2019]
300 . ‡a331 pages (large print) ; ‡c24 cm
336 . ‡atext ‡btxt ‡2rdacontent
337 . ‡aunmediated ‡bn ‡2rdamedia
338 . ‡avolume ‡bnc ‡2rdacarrier
340 . ‡nlarge print ‡2rdafs
520 . ‡a"Zoe Morgan's childhood was marked by her younger sister's tragic illness, watching as her parents dedicated themselves completely to her final days and then divorced. As a young woman driven by these painful memories, Zoe sets the bar high for herself, studying hard and pursuing a career in the nonprofit world, where her deep compassion for disadvantaged children finds a focus. When Zoe falls in love and has her own child, she is determined to be a perfect mother as well. But before long, old scars long dormant begin to pull Zoe to the edge of an abyss too terrifying to contemplate. As Zoe is haunted by the ghosts of the past, her story will become a race against time and a tale of psychological suspense that no reader will soon forget"--Provided by publisher.
650 0. ‡aMotherhood ‡vFiction.
650 0. ‡aChildren with disabilities ‡vFiction.
650 0. ‡aParent and child ‡vFiction.
650 0. ‡aSiblings ‡xDeath ‡xPsychological aspects ‡vFiction.
650 0. ‡aDivorce ‡xParents ‡vFiction.
655 7. ‡aLarge print books. ‡2lcgft
655 7. ‡aDomestic fiction. ‡2lcgft
655 7. ‡aPsychological fiction. ‡2lcgft
655 7. ‡aThrillers (Fiction) ‡2lcgft
655 7. ‡aNovels. ‡2lcgft
901 . ‡a152548 ‡bUnknown ‡c152548 ‡tbiblio

Additional Resources